Países que tienen adjetivos en su nombre - Estadísticas

Estadísticas generales
  • Esta prueba ha sido intentada 61 veces
    20 desde el último reinicio
  • La puntuación promedio es 25 de 32
Estadísticas de respuestas
Significado País % Correcto
Árabe o relativo a Arabia (masculino plural) Emiratos Árabes Unidos
94%
Juntos (masculino plural) Emiratos Árabes Unidos
94%
Juntos (masculino plural) Estados Unidos
94%
Reciente (femenino singular) Nueva Zelanda
94%
Relativo a Dominica o R. Dominicana República Dominicana
94%
Vieja (femenino singular) Antigua y Barbuda
89%
Con barba (femenino singular) Antigua y Barbuda
89%
Relativo al Norte Corea del Norte
89%
Relativo al sur Corea del Sur
89%
Relativo al centro de África o a R. centroafricana República Centroafricana
89%
Relativo al Sur Sudan del Sur
89%
Relativo a Arabia Saudí (femenino singular) Arabia Saudita
83%
Que tiene democracia (femenino singular) R. D. Congo
83%
Relativo a Chequia (femenino plural) República Checa
83%
Forma parte de una federación (masculino plural) E. F Micronesia
78%
Relativo al Norte Macedonia del Norte
78%
Sagrado (masculino singular) San Cristóbal y Nieves
78%
Sagrado (femenino singular) Santa Lucía
78%
Sagrado (masculino singular) Santo Tomé y Príncipe
78%
Relativo al Sur Sudáfrica
78%
Junto (masculino singular) Reino Unido
72%
Sagrado (masculino singular) San Vicente y las Granadinas
72%
Con barba (masculino plural) Barbados
67%
Que tiene riqueza (femenino singular) Costa Rica
67%
Relativo al ecuador (neutro singular) Guinea Ecuatorial
67%
Inferiores (masculino plural) Países Bajos
67%
Reciente (femenino singular) Papúa Nueva Guinea
67%
Sagrado (masculino singular) San Marino
67%
Relacionado con el mar (masculino singular) San Marino
67%
Relativo al oriente (neutro singular) Timor Oriental
56%
Color (neutro singular) Cabo Verde
44%
En idiomas eslavos: blanco (neutro) Bielorrusia
39%
No se encontraron pruebas coincidentes
Distribución de puntuación
Porcentaje de gente con cada puntuación
Porcentaje por número respondido
Historial de tus puntuaciones
No has intentado esta prueba desde el último reinicio